Statistics for Top 10 NBA Best Selling Jerseys

Click here to take the quiz!

General Stats

  • This quiz has been taken 754 times
  • The average score is 7 of 10

Answer Stats

HintAnswer% Correct
#23Lebron James
99%
#30Stephen Curry
99%
#35Kevin Durant
96%
#13James Harden
92%
#34Giannis Antetokounmpo
82%
#0Russell Westbrook
82%
#2Kawhi Leonard
55%
#21Joel Embiid
53%
#25Ben Simmons
47%
#6Kristaps Porzingis
26%

Score Distribution

Percentile by Number Answered

Percent of People with Each Score

Your Score History

You have not taken this quiz